| 000 | 00495nam a2200169 i 4500 | ||
|---|---|---|---|
| 001 | bg | ||
| 100 | 1 | _aFLOREA, O. | |
| 245 | 0 |
_aRascety po processam i apparatam chimiceskoj technologii / _cO. Florea, O. Smigel'skij ; perev. s ang. Z. M. Chajmskogo. |
|
| 260 |
_aMoskva : _b"Chimija", _c1971. |
||
| 300 |
_a444, [4] s. : _brys., wykr. ; _c23 cm. |
||
| 700 | 1 | _aSMIGELSCHI, O. | |
| 040 | _cBPK | ||
| 041 | _apol | ||
| 080 | _a66.02 | ||
| 942 | _cKS | ||
| 008 | s pl f |000 0 pol | ||
| 999 |
_c23834 _d23834 |
||